[Event "RUS-ch Silent (Women)"]
[Site "Zelenograd"]
[Date "2022.04.14"]
[Round "8"]
[White "Kudriavtseva, Natalia"]
[Black "Lukina, Tatiana"]
[Result "1-0"]
[WhiteElo "1807"]
[BlackElo "1571"]
[PlyCount "55"]
[EventDate "2022.04.09"]
[EventType "tourn"]
[EventRounds "13"]
[EventCountry "RUS"]
[SourceTitle "EXT 2023"]
[Source "ChessBase"]
[SourceDate "2022.10.05"]
[SourceVersion "1"]
[SourceVersionDate "2022.10.05"]
[SourceQuality "1"]

1. e4 e5 2. Nf3 Nc6 3. Bb5 a6 4. Ba4 Nf6 5. 0-0 d6 6. d3 Be7 7. c3 0-0 8. h3 b5 9. Bc2 d5 10. exd5 Nxd5 11. d4 exd4 12. Nxd4 Nxd4 13. Qxd4 h6 14. Re1 c6 15. Qe4 f5 16. Qf3 Bg5 17. Na3 Kh8 18. Bb3 Ra7 19. Nc2 Rd7 20. Nd4 Rd6 21. Nxc6 Rxc6 22. Bxd5 Rd6 23. Bb3 Bxc1 24. Raxc1 Qg5 25. Qe3 Qh4 26. Qe7 Rdf6 27. Rcd1 f4 28. Rd8 1-0

[Event "RUS-ch Silent (Women)"]
[Site "Zelenograd"]
[Date "2020.10.07"]
[Round "4"]
[White "Panina, Valeria"]
[Black "Lukina, Tatiana"]
[Result "1-0"]
[WhiteElo "1789"]
[BlackElo "1614"]
[PlyCount "51"]
[EventDate "2020.10.03"]
[EventType "tourn"]
[EventRounds "9"]
[EventCountry "RUS"]
[SourceTitle "EXT 2022"]
[Source "ChessBase"]
[SourceDate "2021.10.06"]
[SourceVersion "1"]
[SourceVersionDate "2021.10.06"]
[SourceQuality "1"]

1. e4 e5 2. Nf3 Nc6 3. d4 exd4 4. Bc4 Nf6 5. 0-0 Bc5 6. e5 d5 7. exf6 dxc4 8. fxg7 Rg8 9. Re1+ Be7 10. Bg5 Rxg7 11. Kh1 Bg4 12. Bxe7 Nxe7 13. h3 Bxf3 14. Qxf3 c6 15. Qf6 Kf8 16. Nd2 b5 17. Ne4 Qd5 18. Ng3 Re8 19. Re5 Qd7 20. Rae1 d3 21. cxd3 cxd3 22. Nh5 Rg6 23. Qh8+ Ng8 24. Rxe8+ Qxe8 25. Rxe8+ Kxe8 26. Qd4 1-0

[Event "RUS-ch Silent (Women)"]
[Site "Zelenograd"]
[Date "2018.10.30"]
[Round "7"]
[White "Lukina, Tatiana"]
[Black "Panina, Valeria"]
[Result "0-1"]
[WhiteElo "1608"]
[BlackElo "1743"]
[PlyCount "76"]
[EventDate "2018.10.25"]
[EventType "tourn"]
[EventRounds "11"]
[EventCountry "RUS"]
[SourceTitle "EXT 2020"]
[Source "ChessBase"]
[SourceDate "2019.10.17"]
[SourceVersion "1"]
[SourceVersionDate "2019.10.17"]
[SourceQuality "1"]

1. e4 c6 2. d3 d5 3. Nd2 e5 4. Ne2 Be7 5. Ng3 dxe4 6. Ndxe4 f5 7. Nc3 Nf6 8. Bd2 Be6 9. Be2 Nbd7 10. Nh5 0-0 11. 0-0 h6 12. Qc1 Nxh5 13. Bxh5 g5 14. Re1 Bf7 15. Qd1 Kh7 16. Qf3 Kh8 17. Bxf7 Rxf7 18. Qh5 Rh7 19. Qg6 Qf8 20. Qe6 Bd6 21. a3 Re8 22. Qg6 Bc7 23. b4 Ree7 24. Qh5 Reg7 25. Qe2 Qd6 26. Rad1 h5 27. Bc1 h4 28. Bb2 g4 29. Qf1 g3 30. Na4 gxh2+ 31. Kh1 h3 32. g3 f4 33. Kxh2 Kg8 34. d4 fxg3+ 35. fxg3 e4 36. Re3 Rxg3 37. Qc4+ Rf7 38. Qc3 Rg2+ 0-1

[Event "RUS-ch Silent (Women)"]
[Site "Zelenograd"]
[Date "2018.10.27"]
[Round "3"]
[White "Lukina, Tatiana"]
[Black "Balakhieva, Klavdia"]
[Result "1-0"]
[WhiteElo "1608"]
[BlackElo "1399"]
[PlyCount "89"]
[EventDate "2018.10.25"]
[EventType "tourn"]
[EventRounds "11"]
[EventCountry "RUS"]
[SourceTitle "EXT 2020"]
[Source "ChessBase"]
[SourceDate "2019.10.17"]
[SourceVersion "1"]
[SourceVersionDate "2019.10.17"]
[SourceQuality "1"]

1. e4 d6 2. Nf3 Nf6 3. Nc3 Bg4 4. h3 Bh5 5. Bc4 Nc6 6. 0-0 e5 7. a3 a6 8. Be2 d5 9. exd5 Nxd5 10. Ne4 h6 11. Ng3 Bg6 12. c3 Be7 13. d4 e4 14. Nh2 Rf8 15. c4 Nf6 16. Be3 Bd6 17. Qb3 Na5 18. Qa4+ c6 19. b4 b5 20. Qxa5 Bc7 21. Qxc7 Qxc7 22. Rfc1 a5 23. cxb5 Rc8 24. Rxc6 Qd7 25. Ra6 Nd5 26. Bd2 e3 27. fxe3 Nf4 28. Bf1 Rc2 29. Rd1 Ra2 30. Rxa5 Bc2 31. Rc1 Bd3 32. Rd1 Bxf1 33. Ngxf1 Qb7 34. exf4 Qd5 35. Nf3 Kd8 36. b6 Qb7 37. Ne5 f6 38. Nc4 Qe4 39. Kh1 Qe2 40. Ra8+ Kd7 41. Ra7+ Kc8 42. Rc1 Rd8 43. Ne5+ Kb8 44. Nc6+ Kc8 45. Rc7# 1-0

[Event "RUS-ch Silent (Women)"]
[Site "Zelenograd"]
[Date "2015.06.07"]
[Round "8"]
[White "Lukina, Tatiana"]
[Black "Zhaferova, Flura"]
[Result "0-1"]
[WhiteElo "1685"]
[BlackElo "1658"]
[PlyCount "94"]
[EventDate "2015.06.02"]
[EventType "tourn"]
[EventRounds "13"]
[EventCountry "RUS"]
[SourceTitle "EXT 2018"]
[Source "ChessBase"]
[SourceDate "2017.10.13"]
[SourceVersion "1"]
[SourceVersionDate "2017.10.13"]
[SourceQuality "1"]

1. e4 e6 2. d4 d5 3. Nc3 Bb4 4. e5 c5 5. Qg4 g6 6. a3 Bxc3+ 7. bxc3 c4 8. Nf3 h6 9. h4 Nd7 10. a4 Qa5 11. Bd2 b5 12. Be2 bxa4 13. 0-0 a3 14. Rfb1 Rb8 15. Rb4 Rxb4 16. cxb4 Qa4 17. Bd1 a2 18. c3 Qa3 19. Ne1 Qb2 20. Nc2 Nb6 21. Qf3 Bd7 22. Bc1 Qb1 23. Qe3 Ba4 24. Rxb1 axb1Q 25. Na3 Qd3 26. Be2 Qxe3 27. fxe3 Ne7 28. Kf2 Kd7 29. Bf3 Kc6 30. Nb1 Bc2 31. Na3 Be4 32. Bd1 Nf5 33. g3 g5 34. h5 Ra8 35. b5+ Kd7 36. Nc2 Bxc2 37. Bxc2 a5 38. Ba3 Ng7 39. g4 Ne8 40. Bh7 f6 41. Bc5 Na4 42. Bf8 Nxc3 43. Bxh6 a4 44. Bg6 a3 45. exf6 Nxf6 46. Bg7 a2 47. h6 a1Q 0-1

[Event "RUS-ch Silent (Women)"]
[Site "Zelenograd"]
[Date "2015.06.03"]
[Round "2"]
[White "Balakhieva, Klavdia"]
[Black "Lukina, Tatiana"]
[Result "1-0"]
[WhiteElo "1588"]
[BlackElo "1685"]
[PlyCount "51"]
[EventDate "2015.06.02"]
[EventType "tourn"]
[EventRounds "13"]
[EventCountry "RUS"]
[SourceTitle "EXT 2018"]
[Source "ChessBase"]
[SourceDate "2017.10.13"]
[SourceVersion "1"]
[SourceVersionDate "2017.10.13"]
[SourceQuality "1"]

1. e4 Nc6 2. Nf3 b6 3. Bc4 e6 4. c3 Nf6 5. 0-0 Nxe4 6. Re1 Nd6 7. Bd5 Bb7 8. Bb3 Be7 9. d3 Nf5 10. Bc2 Nh4 11. Nxh4 Bxh4 12. Na3 Ne7 13. Ba4 Ng6 14. g3 Bg5 15. f4 Bh6 16. f5 Bxc1 17. fxe6 0-0 18. exf7+ Kh8 19. Rxc1 Rxf7 20. Bc2 Qg5 21. Qe2 Raf8 22. Rf1 Nf4 23. Rxf4 Rxf4 24. Re1 Rf2 25. Qxf2 Rxf2 26. Re8+ 1-0

[Event "RUS-ch Silent"]
[Site "Zelenograd"]
[Date "2010.08.17"]
[Round "9"]
[White "Kozyreva, Olga"]
[Black "Lukina, Tatiana"]
[Result "0-1"]
[WhiteElo "2013"]
[BlackElo "1724"]
[PlyCount "56"]
[EventDate "2010.08.11"]
[EventType "swiss"]
[EventRounds "9"]
[EventCountry "RUS"]
[SourceTitle "EXT 2023"]
[Source "ChessBase"]
[SourceDate "2022.10.05"]
[SourceVersion "1"]
[SourceVersionDate "2022.10.05"]
[SourceQuality "1"]

1. Nf3 d5 2. g3 c5 3. Bg2 Nc6 4. 0-0 e5 5. d3 Bd6 6. e4 d4 7. a4 a5 8. Na3 Nge7 9. Nc4 Bc7 10. c3 0-0 11. Ne1 Ng6 12. f4 exf4 13. gxf4 Nh4 14. Nf3 Bg4 15. Qe1 Nxf3+ 16. Bxf3 Bh3 17. Bg2 Bxg2 18. Kxg2 dxc3 19. Qxc3 Nb4 20. Rf3 Ra6 21. Be3 Rg6+ 22. Rg3 Rxg3+ 23. hxg3 Nxd3 24. Qb3 Nb4 25. Bxc5 Re8 26. Rd1 Qc8 27. Nxa5 Na6 28. Qb5 Bxa5 0-1